| 000 | 02216nam0a2200397 4500 | ||
|---|---|---|---|
| 001 | RU\NLR\BIBL_A\021994994 | ||
| 005 | 20260405215539.0 | ||
| 010 |
_a978-5-907487-44-4 _9100 |
||
| 021 |
_aRU _b2023-40420 _9КН-П-4031 |
||
| 035 | _a(RuMoRGB)011873631 | ||
| 035 | _a(NLR Aleph) 021994994 | ||
| 090 |
_a12438112 _c12438112 |
||
| 100 | _a20230802d2023 |||y0rusy50 ca | ||
| 101 | 0 |
_arus _deng |
|
| 102 | _aRU | ||
| 105 | _aabchz 000zy | ||
| 181 | 0 |
_ai3 _baxxe |
|
| 182 | 0 | _an | |
| 200 | 1 |
_a"Как скалы в бурном море...": судьбы корейцев в Западной Сибири и на Урале в XX - начале XXI века _d"As the peaks in a stormy sea...": the fates of koreans in Siberia and Urals in XX - earty XXI _eмонография _fВ. С. Бойко _gМинистерство просвещения Российской Федерации, Федеральное государственное бюджетное образовательное учреждение высшего образования "Алтайский государственный педагогический университет" (ФГБОУ ВО "АлтГПУ") |
|
| 203 |
_aТекст _bвизуальный _cнепосредственный |
||
| 210 |
_aБарнаул _cАлтГПУ _d2023 |
||
| 215 |
_a255 с. _cил., карты, портр., факс. _d21 |
||
| 300 | _aАвт. также на англ. яз.: Vladimir S. Boyko | ||
| 300 | _aРез. англ. | ||
| 320 | _aБиблиогр.: с. 178-199 и в подстроч. примеч. | ||
| 510 | 1 |
_a"As the peaks in a stormy sea...": the fates of koreans in Siberia and Urals in XX - earty XXI _ez44790 _zeng |
|
| 606 | 1 |
_aКорейцы _xИстория _yСибирь _z20 - нач. 21 вв. _92271487 _3RU\NLR\AUTH\6601590393 |
|
| 675 |
_a94(470.5 _v4 |
||
| 675 |
_a571.1)(=531)"19/20" _v4 |
||
| 686 | 1 | _aТ3(29=Ко)0,02 | |
| 700 | 1 |
_8rus _7ca _aБойко _bВ. С. _gВладимир Сергеевич _3RU\NLR\AUTH\7798055 _980981 |
|
| 790 | 1 |
_8eng _7ba _aBojko _bV. S. _gVladimir Sergeevič _3RU\NLR\AUTH\7798056 _980982 |
|
| 942 | _cBOOK | ||
| 980 | _aNB | ||